000 00501nam a2200169 4500
001 138335
003 ES-MaACL
005 20230906195539.0
007 t|
008 070214s1968 sp r ||||1| spa d
100 1 _aSancho
_bIV
_cRey de Castilla.
_9103042
245 1 4 _aLos lucidarios espaƱoles /
_cestudio y edición de Richard P. Kinkade.
260 _aMadrid :
_bGredos,
_c1968.
300 _a346 p. ;
_c21 cm.
700 1 _aKinkade, Richard P.
_968077
852 _aES-MaACL
_jC-36973
_bR.66726
999 _c138335
_d138335